00169nam a2200073Ia 4500008004100000100001300041245003300054260000800087120527s9999 xx 000 0 und d aBRUCE, J aOnion storage in the tropics bNRI